| 000 | 00374nam a22001457a 4500 | ||
|---|---|---|---|
| 020 | _a0752900889 | ||
| 082 |
_a641.568 _bCHA _cL-01, P-42 |
||
| 100 |
_aGaye C. Chapman _946815 |
||
| 245 |
_aKids Party Book _cGaye C. Chapman |
||
| 260 |
_aLondon _bLeopard Books |
||
| 300 | _a112 P, : | ||
| 526 |
_a0 _b0 _c0 _d641_568000000000000_CHA |
||
| 650 |
_aMCE _9379 |
||
| 942 |
_2ddc _cBK |
||
| 999 |
_c550076 _d550076 |
||